000 01159nam a2200337 i 4500
003 DO-SdBNP
005 20240312192335.0
006 a||||er|||| 00| 0
007 ta
008 230516t2022 dr |||er|||| 001 pdspa d
020 _a9789945510164
040 _aDO-SdBNP
_bspa
_cBNPHU
_erda
082 4 _222
_bC287i
_aRD861.44
100 1 _a Carmen Natalia,
_d 1917-1976
_929216
245 _aLa inquietud del ala :
_bselección poética /
_cCarmen Natalia Martínez ; selección, Ángela Hernández Núñez
264 _aSanto Domingo :
_bNacional,
_c2022
300 _a156 páginas ;
_c21 cm.
336 _2rdaconten
_atexto
_btxt
337 _2rdamedia
_asin medición
_bn
338 _2rdacarreir
_avolumen
_bnc
490 0 _aHomenaje
490 0 _aPoesía
500 _aIncluye referencias bibliográficas y notas al pie de las páginas
500 _aIncluye datos biográficos del autor en las solapas
590 _aInventariado 2023 / MF
650 4 _aPoesía dominicana
650 4 _aLiteratura dominicana
700 1 _956977
_aHernández Núñez, Ángela,
_eselección
910 _aValidado. Control de calidad MFF
942 _2ddc
_cLBS1
999 _c53543
_d53543